American Actors by Picture #3 - Statistics

General Stats
  • This quiz has been taken 82 times
  • The average score is 11 of 16
Answer Stats
Picture Answer % Correct
Dwayne Johnson
99%
Matt Damon
87%
John Travolta
83%
Bradley Cooper
82%
Joaquin Phoenix
79%
Willem Dafoe
77%
Mel Gibson
76%
Kevin Spacey
72%
Bryan Cranston
63%
Jeremy Renner
59%
Tommy Lee Jones
59%
Ethan Hawke
54%
Jeff Bridges
54%
Christopher Walken
51%
Ed Harris
45%
Steve McQueen
41%
No matching quizzes found
Score Distribution
Percent of People with Each Score
Percentile by Number Answered
Your Score History
You have not taken this quiz